export_success — 

Visitors' guide to Malaysia 2009.

Bibliographic Details
Format: Book
Published: Kuala Lumpur: Tourism Publications Corporation, 2009.
Edition:20th ed.
Subjects:
LEADER 00813cam a2200217 7i4500
001 0000023062
005 20090703090000.0
022 0 0 |a 1511-841X 
090 0 0 |a M 910.202   |b VIS 
245 0 0 |a Visitors' guide to Malaysia 2009. 
250 0 0 |a 20th ed. 
260 0 0 |a Kuala Lumpur:   |b Tourism Publications Corporation,   |c 2009. 
300 # # |a 331 p. 
650 0 0 |a Malaysia --   |x Description and travel  
650 0 0 |a Malaysia --   |x Guidebooks  
651 0 0 |a Malaysia  
999 |a JHR000139H  |b Directories  |c Malaysia  |e MATRADE Southern Regional Office 
999 |a PNG000845H  |b Directories  |c Malaysia  |e MATRADE Northern Regional Office 
999 |a SBH000816H  |b Directories  |c Malaysia  |e MATRADE Sabah 
999 |a SRW000237H  |b Directories  |c Malaysia  |e MATRADE Sarawak 
999 |a TRG000129H  |b Directories  |c Malaysia  |e MATRADE Eastern Regional Office